000 01418cam a2200361 a 4500
001 EDZ0000082876
003 StDuBDS
005 20161031105142.0
006 m||||||||d||||||||
007 cr |||||||||||
008 120427s2010 cau fo| 001|0|eng|d
020 _a9781446215975 (ebook) :
_cNo price
040 _aStDuBDS
_beng
_cStDuBDS
_epn
049 _aAlfaisal Main Library
050 4 _aK370
082 0 4 _a340.115
_223
100 1 _aAnleu, Sharyn L. Roach,
_d1959-
245 1 0 _aLaw and social change
_h[electronic resource] /
_cSharyn L. Roach Anleu.
250 _a2nd ed.
260 _aLos Angeles, [Calif.] ;
_aLondon :
_bSAGE,
_c2010.
300 _a1 online resource (viii, 297 p.)
500 _aPrevious ed.: 2000.
520 8 _aFor students and academics in sociology, criminology, legal studies and criminal justice studies, this is a comprehensive guide to the sociology of law, surveying current theoretical debates and examining socio-legal research.
504 _aIncludes bibliographical references and index.
521 _aSpecialized.
588 _aDescription based on print version record.
650 0 _aSociological jurisprudence.
655 7 _aElectronic books.
_2local
710 2 _aSage eBooks
776 0 8 _iPrint version :
_z9781412945608
856 4 0 _uhttp://ezproxy.alfaisal.edu/login?url=http://sk.sagepub.com/books/law-and-social-change-2e
942 _2lcc
_cEBOOKS
999 _c480450
_d480450